On the consequences of limiting chain extensibility of vulcanized rubbers: Stiffening, self-homogenization, and coupling of strain components (Record no. 64358)

MARC details
000 -LEADER
fixed length control field 00693nam a2200217Ia 4500
100 ## - MAIN ENTRY--AUTHOR NAME
Personal name Bilgili Ecevit
245 #0 - TITLE STATEMENT
Title On the consequences of limiting chain extensibility of vulcanized rubbers: Stiffening, self-homogenization, and coupling of strain components
260 ## - PUBLICATION, DISTRIBUTION, ETC. (IMPRINT)
Name of publisher Journal of Elastomers and Plastics
Year of publication 2008
300 ## - PHYSICAL DESCRIPTION
Number of Pages 77-93
650 ## - SUBJECT ADDED ENTRY--TOPICAL TERM
Topical Term Gent model
650 ## - SUBJECT ADDED ENTRY--TOPICAL TERM
Topical Term Helical shear
650 ## - SUBJECT ADDED ENTRY--TOPICAL TERM
Topical Term Hyperelasticity
650 ## - SUBJECT ADDED ENTRY--TOPICAL TERM
Topical Term Limiting chain extensibility
650 ## - SUBJECT ADDED ENTRY--TOPICAL TERM
Topical Term Stiffening
650 ## - SUBJECT ADDED ENTRY--TOPICAL TERM
Topical Term Stiff-homogenization
650 ## - SUBJECT ADDED ENTRY--TOPICAL TERM
Topical Term Vulcanized rubber
700 ## - ADDED ENTRY--PERSONAL NAME
Personal name Arastoopour Hamid
700 ## - ADDED ENTRY--PERSONAL NAME
Personal name Bernstein Barry
942 ## - ADDED ENTRY ELEMENTS (KOHA)
Koha item type Journals
Holdings
Withdrawn status Lost status Damaged status Not for loan Home library Current library Shelving location Date acquired Serial Enumeration / chronology Koha item type
      Journals RRII Library RRII Library Rubber chemistry 04/06/2008 Volume 40, Issue 1 Journals